Statystyki dla Zwycięzcy pucharu polski (1926-2022)

Kliknij tutaj aby rozwiązać quiz!

Ogólne statystyki

  • Ten quiz został rozwiązany 223 razy
  • Średni wynik to 53 z 68

Statystyki odpowiedzi

RokNazwa klubu% Poprawnych
1989Legia Warszawa
99%
2011Legia Warszawa
99%
1990Legia Warszawa
99%
1994Legia Warszawa
99%
1995Legia Warszawa
99%
1973Legia Warszawa
99%
1997Legia Warszawa
99%
1981Legia Warszawa
99%
1966Legia Warszawa
99%
2008Legia Warszawa
99%
1964Legia Warszawa
99%
2012Legia Warszawa
99%
2013Legia Warszawa
99%
2015Legia Warszawa
99%
1956Legia Warszawa
99%
1955Legia Warszawa
99%
2016Legia Warszawa
99%
2018Legia Warszawa
99%
1980Legia Warszawa
99%
2009Lech Poznań
97%
2004Lech Poznań
97%
1988Lech Poznań
97%
1984Lech Poznań
97%
1982Lech Poznań
97%
2003Wisła Kraków
92%
2002Wisła Kraków
92%
1926Wisła Kraków
92%
1967Wisła Kraków
92%
2022Raków Częstochowa
89%
2021Raków Częstochowa
89%
2020Cracovia
88%
2017Arka Gdynia
86%
1979Arka Gdynia
86%
2019Lechia Gdańsk
84%
1983Lechia Gdańsk
84%
1971Górnik Zabrze
82%
1965Górnik Zabrze
82%
1968Górnik Zabrze
82%
1972Górnik Zabrze
82%
1969Górnik Zabrze
82%
1970Górnik Zabrze
82%
1974Ruch Chorzów
82%
1996Ruch Chorzów
82%
1951Ruch Chorzów
82%
1976Śląsk Wrocław
74%
1987Śląsk Wrocław
74%
1952Polonia Warszawa
73%
2001Polonia Warszawa
73%
1985Widzew Łódź
73%
2010Jagiellonia Białystok
71%
1957Łks Łódź
69%
2014Zawisza Bydgoszcz
60%
1993GKS Katowice
50%
1991GKS Katowice
50%
1986GKS Katowice
50%
2000Amica Wronki
48%
1999Amica Wronki
48%
1998Amica Wronki
48%
2006Wisła Płock
46%
1978Zagłębie Sosnowiec
46%
1977Zagłębie Sosnowiec
46%
1962Zagłębie Sosnowiec
46%
1963Zagłębie Sosnowiec
46%
1975Stal Rzeszów
37%
1992Miedź Legnica
33%
2007Dyskobolia Grodzisk Wielkopolski
31%
2005Dyskobolia Grodzisk Wielkopolski (Zwycięzce pozbawiono tytułu)
31%
1954Gwardia Warszawa
20%

Rozkład punktacji

Percentyl według liczby udzielonych odpowiedzi

Procent ludzi z każdym wynikiem

Twoja historia wyników

Nie rozwiązałeś tego quizu